000 00560nam a2200217Ia 4500
005 20241216011049.0
008 190212s9999||||xx |||||||||||||| ||und||
082 _a657.8
_bM48
100 _aMEYER, JEAN
245 0 _aCONTABILIDAD NACIONAL Y CONTABILIDAD DE EMPRESA
250 _a0
260 _aBARCELONA-ESPAÑA
_bHISPANO EUROPEA
_c1971
300 _a193 pag
_c21 cm
341 _h0
490 _v0
_a0
505 _aHECHO-CONTABLE
541 _aC
_d24-Nov-93
_oSoles
650 _aCIENCIAS APLICADAS
856 _zCiencias Aplicadas
942 _cLIBRO
999 _c31649
_d31649